| 000 | 00605cam a2200241 i 4500 | ||
|---|---|---|---|
| 001 | 0000894 | ||
| 003 | DO-SdBNP | ||
| 005 | 20180216095922.0 | ||
| 007 | 0000894 | ||
| 008 | 100514s 1983 sp a | |||| 000 f spa | ||
| 015 | _a | ||
| 017 |
_a _b |
||
| 020 | _a8430513620 | ||
| 035 | _a | ||
| 040 |
_aBPMSU _bspa _cBPMSU _e |
||
| 080 | _a | ||
| 245 | 0 | 4 |
_aLos consejos del doctor Zete _h _b16 aventuras que traen cola / |
| 260 |
_aMadrid, EspaƱa : _bSusaeta, _c1983. |
||
| 300 |
_a69 p.: _bil. _c22 cm. |
||
| 942 |
_2ddc _cBK |
||
| 945 | _ainventariado, 2018 / dg | ||
| 956 |
_aYLOCKWARD _810 _cBPMSU |
||
| 999 |
_c12339 _d12339 |
||